00400nam a22001217a 4500020001600000082001000016100002300026245009500049260003700144300003000181650004100211700002600252 qHard Cover. a624.1 aIftikhar, Hasnain  aSeismic casualty assessment of Khyber Pakhtunkhawa province, Pakistan /cHasnain Iftikhar. aIslamabad :bNICE - NUST,c2014. axv, 95 p. : ill. ;c30cm. aPh. D Thesis Structural Engineering. aDr. Shaukat Ali Khan.